Statistics for ICAO Codes

Click here to take the quiz!

General Stats

  • This quiz has been taken 19 times
  • The average score is 10 of 15

Answer Stats

Answer% Correct
New York John F. KennedyKJFK
100%
Los Angeles int'lKLAX
100%
London/HeathrowEGLL
94%
Amsterdam SchipholEHAM
94%
San FranciscoKSFO
94%
ZurichLSZH
94%
Sydney Kingsford-Smith int'lYSSY
94%
Stockholm-ArlandaESSA
78%
Bejing-CapitalZBAA
61%
Tolouse/BlagnacLFBO
56%
Auckland int'lNZAA
50%
London Southend AirportEGMC
33%
Long Beach (America)KLGB
28%
Carnberra int'lYSCB
28%
Hobart AirportYMHB
11%

Score Distribution

Percentile by Number Answered

Percent of People with Each Score

Your Score History

You have not taken this quiz